LEADER 05056nam 2200589 450 001 9910463826203321 005 20200520144314.0 010 $a3-8366-3825-8 035 $a(CKB)2670000000523526 035 $a(EBL)1594183 035 $a(OCoLC)867931066 035 $a(SSID)ssj0001166379 035 $a(PQKBManifestationID)11685303 035 $a(PQKBTitleCode)TC0001166379 035 $a(PQKBWorkID)11120870 035 $a(PQKB)10298300 035 $a(MiAaPQ)EBC1594183 035 $a(Au-PeEL)EBL1594183 035 $a(CaPaEBR)ebr10838378 035 $a(EXLCZ)992670000000523526 100 $a20140221d2013 uy| 0 101 0 $ager 135 $aur|n|---||||| 181 $ctxt 182 $cc 183 $acr 200 10$aProfessionalisierung palliativer Sozialarbeit /$fMaria Drechsler 210 1$aHamburg [Germany] :$cDiplomica Verlag,$d2013. 215 $a1 online resource (171 p.) 300 $aDescription based upon print version of record. 311 $a3-8366-8825-5 320 $aIncludes bibliographical references. 327 $aProfessionalisierungpalliativer Sozialarbeit; Inhalt; Verzeichnis der verwendeten Abku?rzungen; 1. Einleitung; 1.1. Zugang zum Thema; 1.2. Einordnung in Theorie und Praxis; 1.3. Frage- und Problemstellung; 1.4. Aufbau des Buches; 2. Soziale Arbeit im Hospiz; 2.1. Selbstversta?ndnis und Auftrag professioneller Sozialer Arbeit im Allgemeinen; 2.2. Selbstversta?ndnis und Auftrag Sozialer Arbeit im Hospiz; 2.2.1. Psychosozialer Auftrag; 2.2.2. Psychosoziale Begleitung; 2.2.2.1. Psychosoziale Begleitung der Patienten; 2.2.2.2. Psychosoziale Begleitung der Angeho?rigen 327 $a2.2.2.3. Trauerbegleitung Angeho?riger2.2.2.4. Besonderheiten in der Kinderhospizarbeit und in der Arbeit mit Kindern als Trauernde; 2.3. Zusammenfassung; 3. Konzepte Sozialer Arbeit im Hospiz; 3.1. Konzept der Lebensfu?hrung und Biografie nach Feth; 3.2. Empowerment nach Herriger; 3.3. Lebensweltorientierung nach Thiersch; 3.4. Casemanagement; 3.5. Klientenzentrierte Gespra?chsfu?hrung nach Rogers; 3.6. Zusammenfassung; 4. Besonderheiten des Ta?tigkeitsprofils von Sozialpa?dagogInnen in der Hospizarbeit; 4.1. Mo?glichkeiten; 4.1.1. Sozialrechtliche Beratung 327 $a4.1.2. Vernetzungsta?tigkeit und Gremienarbeit4.1.3. O?ffentlichkeitsarbeit; 4.1.4. Evaluation und Dokumentation; 4.2. Barrieren der Sozialen Arbeit im Hospiz; 4.2.1. Institutionelle Bedingungen; 4.2.2. Gesellschaftliche A?ngste; 4.2.3. Bedingungen des Gesundheitssystems; 4.2.4. Zo?gerliche Haltung der Hochschulen; 4.2.5. Na?he und Distanz in der Hospizarbeit; 4.3. Hilfen fu?r Helfer; 4.3.1. Besonderheiten sozialer Dienstleister; 4.3.2. Supervision; 4.4. Zusammenfassung; 5. O?sterreichische Standards sozialpa?dagogischen Handelns 327 $a5.1. Standardvorgaben fu?r die Sozialarbeit im Bereich Palliative Care in O?sterreich5.1.1. Fachliche Voraussetzungen und Qualifikationen; 5.1.2. Ta?tigkeitsfelder der Palliativsozialarbeit; 5.1.3. Rahmenbedingungen; 5.1.4. Schwerpunkte sozialarbeiterischen Handelns; 5.1.5. Dienstleistungen in der palliativen Sozialarbeit; 5.2. Zusammenfassung; 6. Vergleich der Hospizarbeit in Deutschland und O?sterreich; 6.1. Gesundheitssystem; 6.2. Hospiz- und Palliativeinrichtungen; 6.3. Finanzierung; 6.4. Ehrenamtliche; 6.5. Zusammenfassung 327 $a7. Empirische Untersuchung zur Umsetzung o?sterreichischer Standards in sa?chsischen Einrichtungen7.1. Datenerhebung und Auswertungsverfahren; 7.2. Inhalt des Fragebogens; 7.3. Thesen; 7.4. Ergebnisse der Befragung; 7.4.1. Befragte Personenkreise und Einrichtungen; 7.4.2. Patientenzahlen; 7.4.3. Mitarbeiterstrukturen; 7.4.4. Standardbereich 1: Fachliche Voraussetzungen und Qualifikationen; 7.4.5. Standardbereich 2: Ta?tigkeitsfelder der Palliativsozialarbeit; 7.4.6. Standardbereich 3: Rahmenbedingungen; 7.4.7. Standardbereich 4: Schwerpunkte sozialarbeiterischen Handelns 327 $a7.4.8. Standardbereich 5: Dienstleistungen in der palliativen Sozialarbeit 330 $aDas Fachbuch bescha?ftigt sich mit dem aktuellen Stand der Professionalisierung Sozialer Arbeit im Hospiz. Nach einer Einfu?hrung in die Aufgabengebiete, Theorien und Konzepte Sozialer Arbeit im Gesamtkonzept Hospiz wird mit Hilfe von Fragebo?gen untersucht, ob die in O?sterreich bereits geltenden Standards hospizlicher Sozialarbeit auch in sa?chsischen Einrichtungen Anwendung finden. Zugrunde liegende Thesen beziehen sich auf die Wahrnehmung der Aufgabengebiete, Qualifikationen der MitarbeiterInnen, Einheitlichkeit in den Rahmenbedingungen und in der sozialpa?dagogischen Betreuung. Aus der Unte 606 $aTerminal care 608 $aElectronic books. 615 0$aTerminal care. 676 $a362.17 676 $a362.175 700 $aDrechsler$b Maria$0929512 801 0$bMiAaPQ 801 1$bMiAaPQ 801 2$bMiAaPQ 906 $aBOOK 912 $a9910463826203321 996 $aProfessionalisierung palliativer Sozialarbeit$92089433 997 $aUNINA LEADER 01519nam 2200337 n 450 001 996390966203316 005 20221108090714.0 035 $a(CKB)4940000000105317 035 $a(EEBO)2240923189 035 $a(UnM)99854567 035 $a(EXLCZ)994940000000105317 100 $a19920728d1603 uy | 101 0 $aeng 135 $aurbn||||a|bb| 200 02$aA briefe discourse of a disease called the suffocation of the mother$b[electronic resource] $eWritten vppon occasion which hath beene of late taken thereby, to suspect possesion of an euill spirit, or some such like supernaturall power. Wherin is declared that diuers strange actions and passions of the body of man, which in the common opinion, are imputed to the diuell, haue their true naturall causes, and do accompanie this disease. By Edvvard Iorden Doctor in Physicke 210 $aLondon $cPrinted by Iohn Windet, dwelling at the signe of the Crosse Keyes at Powles Wharfe$d1603 215 $a[4], 25 leaves 300 $aRunning title reads: Of the suffocation of the mother. 300 $aReproduction of the original in the British Library. 330 $aeebo-0018 606 $aHysteria$vEarly works to 1900 615 0$aHysteria 700 $aJorden$b Edward$f1569-1632.$01006355 801 0$bCu-RivES 801 1$bCu-RivES 801 2$bCStRLIN 801 2$bWaOLN 906 $aBOOK 912 $a996390966203316 996 $aA briefe discourse of a disease called the suffocation of the mother$92315736 997 $aUNISA